Tribhuvan University Central Library

Mathematical conversations : (Record no. 76866)

MARC details
000 -LEADER
fixed length control field 01295cam a22002534a 4500
008 - FIXED-LENGTH DATA ELEMENTS--GENERAL INFORMATION
fixed length control field 060713r20061963nyua b 000 0 eng
020 ## - INTERNATIONAL STANDARD BOOK NUMBER
International Standard Book Number 0486453510 (pbk.)
040 ## - CATALOGING SOURCE
-- DLC
-- DLC
-- DLC
041 1# - LANGUAGE CODE
Language code of text/sound track or separate title eng
Language code of original rus
082 00 - DEWEY DECIMAL CLASSIFICATION NUMBER
Classification number 510/D986m
Edition number 22
100 1# - MAIN ENTRY--PERSONAL NAME
Personal name Dynkin, E. B.
Fuller form of name (Evgeniĭ Borisovich),
Dates associated with a name 1924-
240 10 - UNIFORM TITLE
Uniform title Matematicheskie besedy.
Language of a work English
245 10 - TITLE STATEMENT
Title Mathematical conversations :
Remainder of title Multicolor problems, problems in the theory of numbers, and Random Walks/
Statement of responsibility, etc. E.B. Dynkin and V.A. Uspenskii.
260 ## - PUBLICATION, DISTRIBUTION, ETC.
Place of publication, distribution, etc. Mineola, N.Y. :
Name of publisher, distributor, etc. Dover Publications,
Date of publication, distribution, etc. 2006.
300 ## - PHYSICAL DESCRIPTION
Extent vii, 270 p. :
Other physical details ill. ;
Dimensions 22 cm.
500 ## - GENERAL NOTE
General note "This Dover edition ... is an unabridged republication and consolidation of the three [translated and adapted] booklets originally published by D.C. Heath, Boston, in 1963"--T.p. verso.
500 ## - GENERAL NOTE
General note The original three-part Russian work, Matematicheskie besedy, was published in Moscow in 1952.
504 ## - BIBLIOGRAPHY, ETC. NOTE
Bibliography, etc. note Includes bibliographical references.
650 #0 - SUBJECT ADDED ENTRY--TOPICAL TERM
Topical term or geographic name entry element Mathematics
Form subdivision Problems, exercises, etc.
700 1# - ADDED ENTRY--PERSONAL NAME
Personal name Uspenskiĭ, V. A.
Fuller form of name (Vladimir Andreevich)
856 41 - ELECTRONIC LOCATION AND ACCESS
Materials specified Table of contents only
Uniform Resource Identifier <a href="http://www.loc.gov/catdir/toc/fy0709/2006050215.html">http://www.loc.gov/catdir/toc/fy0709/2006050215.html</a>
856 42 - ELECTRONIC LOCATION AND ACCESS
Materials specified Publisher description
Uniform Resource Identifier <a href="http://www.loc.gov/catdir/enhancements/fy0665/2006050215-d.html">http://www.loc.gov/catdir/enhancements/fy0665/2006050215-d.html</a>
942 ## - ADDED ENTRY ELEMENTS (KOHA)
Source of classification or shelving scheme Dewey Decimal Classification
Koha item type General Collections
Holdings
Withdrawn status Lost status Source of classification or shelving scheme Damaged status Not for loan Home library Current library Shelving location Date acquired Total Checkouts Full call number Barcode Date last seen Price effective from Koha item type
    Dewey Decimal Classification     Tribhuvan University Central Library Tribhuvan University Central Library New Building 10/07/2015   510/D986m 151769 10/07/2015 10/07/2015 General Collections